000 00499nam a2200193Ia 4500
005 20250326141442.0
008 250326s9999 xx 000 0 und d
037 _aTextbook
040 _aFMSL
_beng
_cFMSL
041 _aeng
_2eng
084 _qFMSL
100 _aAllen RE
_9744497
245 0 _aConcise Oxford Dictionary of courrentinglush
_cAllen RE
250 _a8th
260 _aOxford
_bOxford, Clarendon Press
_c1990
300 _a1454p
942 _cTB
999 _c1290379
_d1290379